00811cam a22002297a 4500003000500000005001700005008004100022010001000063011001000073035001000083040000900093100004100102245013800143260004200281300001300323500001000336502009200346650001700438650002200455650002900477710007500506CHAP20220329141512.0971013s1989 r 00010 d a69177 a70149 a79629 cCHAP00aGuajardo Hernández, Lenin Gerardo.13aLa participación campesina en la formulación de proyectos productivos como una alternativa de estrategia para el desarrollo rural aMontecillo, Méx. :bEl autor,c1989 a[173] h. a33-79 aTesis (Maestro en Ciencias Esp. en Desarrollo Rural) -- C.P. Centro de Desarrollo Rural14aCampesinado.14aDesarrollo rural.14aProyectos de desarrollo.0 aColegio de Postgraduados. Chapingo, Méx. Centro de Desarrollo Rural.